00435nam a2200157Ia 4500008004100000020001800041082001200059100003900071245004200110250000900152260003900161300002800200500001900228600001500247650001500262240925s9999 xx 000 0 und d a9789332549968 a658 CER aCerto, Samuel C.; Certo, S. Trevis 0aModern Management Concepts and Skills a13th aLondon:bPearson educationc,2015. axxx,672p.bNAfOriginal aIncludes Index aManagement aManagement